| 000 | 01511naa a22003257a 4500 | ||
|---|---|---|---|
| 001 | BR9402287 | ||
| 003 | BR-BrBNA | ||
| 005 | 20240918181144.0 | ||
| 007 | ta | ||
| 008 | 230509b bl.||||| |||| 00| 0 por d | ||
| 040 |
_aBR-BrBNA _bpor _cBiblioteca Nacional de Agricultura |
||
| 041 | _a(Pt) | ||
| 072 |
_aU10; L02 _b6100 |
||
| 090 | _aU10 BR9402287 | ||
| 100 | 1 | _aAlves, M.I.F. | |
| 100 | 1 | _aRiboldi, J. | |
| 100 | 1 | _aIemma, A.F. | |
| 100 | 1 | _aGuidoni, A.L. | |
| 111 | 1 |
_a2. Simposio de Estatistica Aplicada a Experimentacao Agronomica32. Reuniao Anual da Regiao Brasileira da Sociedade Internacional de Biometria _cLondrina, PR (Brazil) _d29 Jun - 03 Jul 1987 |
|
| 245 | 1 | _aAnalise estatistico-economica da influencia do horario de alimentacao associado aos niveis de proteina em frangos de corte | |
| 260 | 3 |
_aLondrina, PR (Brasil): _c1987. |
|
| 500 | _aAnais do 2. Simposio de Estatistica Aplicada a Experimentacao Agronomica e da 32. Reuniao Anual da Regiao Brasileira da Sociedade Internacional de Biometria Londrina, PR (Brasil): 1987. p. 213-228 (BR9402287-AM)U10 | ||
| 650 | _aFrango de Corte | ||
| 650 | _aGanho de Peso | ||
| 650 | _aAnalise Estatistica | ||
| 650 | _aModelo Matematico | ||
| 773 | 0 |
_tAnais do 2. Simposio de Estatistica Aplicada a Experimentacao Agronomica e da 32. Reuniao Anual da Regiao Brasileira da Sociedade Internacional de Biometria _wU10 BR9402287 _gLondrina, PR (Brasil), 1987. p. 213-228 |
|
| 909 |
_a202404 _bLucia _c55 _dLucia Elande |
||
| 942 |
_cAM _2AGRIS |
||
| 999 |
_c323855 _d323855 |
||